-Eau Vocabulary Words - Statistics

General Stats
  • This quiz has been taken 516 times
  • The average score is 6 of 10
Answer Stats
hint word % Correct
Flat land, usually higher than its surrounds plateau
91%
Romantic male escort beau
80%
There is one of these for federal investigations bureau
77%
Country estate chateau
70%
Newly or recently created; also the descriptor of a cuisine style nouveau
65%
Cake gateau
61%
Picturesque grouping of people or objects to create a scene tableau
40%
Clothes, linen, etc collected by a bride for marriage trousseau
36%
Colorless, but flavorful, liqueur Cointreau
33%
Traveling case, especially for carrying clothes portmanteau
32%
No matching quizzes found
Score Distribution
Percent of People with Each Score
Percentile by Number Answered
Your Score History
You have not taken this quiz